000 00957nam a2200253 i 4500
001 162930
003 ES-MaACL
005 20250801063045.0
008 140908s1977 sp |||| | spa d
020 _a84-7393-030-4
080 _a980.3"15"(093.3)
100 1 _aCasas, Bartolomé de las,
_d1474-1566
_9140251
245 1 0 _aBreve resumen del descubrimiento y destruición [sic] de las Indias /
_cBartolomé de las Casas o Casaus.
260 _aMadrid :
_bEmiliano Escolar,
_cD. L. 1977.
300 _a291 p. ;
_c18 cm.
490 1 _aCultura clásica
650 0 4 _aIndios de América-
_xTrato recibido
_913674
651 4 _aAmérica española-
_xHistoria-
_y1492-1600 (Descubrimiento y conquista)
_97724
830 0 _aCultura clásica
_9188402
852 _aES-MaACL
_jA-13223
_9169076
_bR.150153
_cDEPO1
_dOlim: N-6223
_hDonación: Arturo Bravo
903 _9234203
_aBravo, Arturo
_ednr
942 _2udc
_cMONOGRAFIA
999 _c162930
_d162930